Marketing public transit : a strategic approach /

Bibliographic Details
Other Authors: Lovelock, Christopher H.
Format: Book
Language:English
Published: New York : Praeger, 1987.
Series:Praeger series in public and nonprofit sector marketing.
Subjects:

MARC

Tag First Indicator Second Indicator Subfields
LEADER 00000cam a2200000 a 4500
001 in00000019232
005 20151007054216.0
008 870407s1987 nyua b 00100 eng
010 |a  87011583  
020 |a 0275924998 (alk. paper) :  |c $38.85 
035 |a (OCoLC)15592407 
035 |9 AAB4326AM 
040 |a DLC  |c DLC  |d TXA  |d UtOrBLW 
043 |a n-us--- 
049 |a TXAM  |c [A11085840] 
050 0 0 |a HE4456  |b .M37 1987 
082 0 |a 388.4/068/8  |2 19 
245 0 0 |a Marketing public transit :  |b a strategic approach /  |c Christopher H. Lovelock [and others]. 
264 1 |a New York :  |b Praeger,  |c 1987. 
300 |a x, 228 pages :  |b illustrations ;  |c 24 cm. 
336 |a text  |b txt  |2 rdacontent 
337 |a unmediated  |b n  |2 rdamedia 
338 |a volume  |b nc  |2 rdacarrier 
490 1 |a Praeger series in public and nonprofit sector marketing 
504 |a Includes bibliographies and index. 
650 0 |a Local transit  |z United States  |x Marketing. 
700 1 |a Lovelock, Christopher H. 
830 0 |a Praeger series in public and nonprofit sector marketing. 
999 |a MARS 
999 f f |s 6bfe2db8-cfe7-32e6-a7c3-ddc0165f9a8d  |i a494dfb6-e15c-378d-a92d-2d0bfde1c82e  |t 0 
952 f f |p ric  |a Texas A&M University  |b Rellis Campus  |c Joint Library Facility  |d Remote Storage  |t 0  |e HE4456 .M37 1987  |h Library of Congress classification  |i unmediated -- volume  |m A14811085840 
998 f f |a HE4456 .M37 1987  |t 0  |l Remote Storage